000 00940nam a22002417a 4500
999 _c64293
_d64293
005 20240530110724.0
008 180410s2017 ua ahk f b 000 0 ara d
017 _a2017/3092
_bمصر. دار الكتب
020 _a9789779111308
040 _aEG-CaGPL
_cEG-CaGPL
082 0 4 _221
_a780.9 /
_bق/خ م
100 0 _aخيرى ابراهيم الملط
245 1 2 _aالموسيقى والمجتمع عند المصريين القدماء /
_cخيرى ابراهيم الملط
250 _aط.1
260 _aالقاهرة :
_bالهيئة المصرية العامة للكتاب ،
_c2017.
300 _a316 ص. :
_bايض ؛
_c24 سم.
504 _aيشتمل على ارجاعات ببليوجرافية
650 0 7 _2qrmak
_aالموسيقى
650 _2qrmak
_aالموسيقى
_xتاريخ ونقد
_xقدماء المصريين
651 _2qrmak
942 _2ddc
_cBK